Statistics for Wizard101: All Storm Spells

Click here to take the quiz!

General Stats

  • This quiz has been taken 40 times
  • The average score is 20 of 43

Answer Stats

Spell% Correct
Storm Shark
94%
Lightning Bats
91%
Thunder Snake
91%
Kraken
89%
Stormblade
86%
Storm Lord
83%
Storm Trap
80%
Sirens
77%
Triton
77%
Storm Shield
71%
Stormzilla
71%
Tempest
71%
Storm Owl
66%
Leviathan
63%
Windstorm
57%
Glowbug Squall
46%
Storm Prism
46%
Catalan
43%
Thermic Shield
43%
Queen Calypso
40%
Stormspear
40%
Wild Bolt
40%
Iron Sultan
37%
King Artorius
37%
Darkwind
34%
Insane Bolt
34%
Rusalka's Wrath
34%
Supercharge
34%
Catch of the Day
31%
Healing Current
31%
Mass Storm Prism
31%
Scion of Storm
31%
Lightning Strike
29%
Disarm
20%
Enfeeble
20%
Soothe
20%
Water Elemental
20%
Astraphobia
17%
Cleanse Charm
17%
Dissipate
17%
Mega Soothe
14%
Mokompo
14%
Sap Power
9%

Score Distribution

Percentile by Number Answered

Percent of People with Each Score

Your Score History

You have not taken this quiz